000 00689nam a2200241Ia 4500
003 OSt
005 20220927105058.0
006 a|||||r|||| 00| 0
007 ta
008 220926b |||||||| |||| 00| 0 eng d
024 _a146783
037 _cReference Collections
040 _aRTL
_cRTL
_beng
041 _2eng
_aeng
082 _a"X65, L6"
100 _aD'AMBROSIO Charles A
_9370014
245 0 _aPrincipal of modern investment
260 _aChicago
_bscience reasearch associates
_c1976
300 _a"XI,484P"
_ccm.
500 _aAppendix p446-74 Bib p470-74
942 _h"X65, L6"
_cCC
999 _c690555
_d690555